[Event "Miercurea Ciuc Banc Post op 12th"]
[Site "Miercurea Ciuc"]
[Date "2009.08.14"]
[Round "7"]
[White "Costiuc, Ioan"]
[Black "Tamas, Szilard"]
[Result "1-0"]
[WhiteElo "1892"]
[BlackElo "1789"]
[PlyCount "73"]
[EventDate "2009.08.09"]
[EventType "swiss"]
[EventRounds "9"]
[EventCountry "ROU"]
[SourceTitle "CBM 131 Extra"]
[Source "ChessBase"]
[SourceDate "2009.09.03"]
[SourceVersion "2"]
[SourceVersionDate "2009.09.16"]
[SourceQuality "1"]

1. e4 b6 2. Nf3 Bb7 3. Nc3 g6 4. d4 Bg7 5. Bc4 d6 6. 0-0 Nd7 7. Re1 e5 8. Ng5 Qf6 9. Nd5 Bxd5 10. Bxd5 0-0-0 11. Nxf7 h6 12. Qe2 Nb8 13. dxe5 dxe5 14. Nxd8 Kxd8 15. Be3 c6 16. Bxg8 Rxg8 17. Rad1+ Kc7 18. Rd3 Bf8 19. Red1 Be7 20. g3 g5 21. Rc3 Qg6 22. f3 h5 23. a4 Qe6 24. Qc4 Qg6 25. b4 Rf8 26. a5 g4 27. f4 h4 28. f5 Qh7 29. axb6+ axb6 30. Bf2 Rf6 31. b5 hxg3 32. Bxg3 Bc5+ 33. Kh1 Qe7 34. bxc6 Nxc6 35. Rcd3 Nb8 36. Rd5 Rc6 37. Rxe5 1-0

[Event "Miercurea Ciuc Banc Post op 12th"]
[Site "Miercurea Ciuc"]
[Date "2009.08.10"]
[Round "2"]
[White "Egli, Ioan"]
[Black "Costiuc, Ioan"]
[Result "0-1"]
[WhiteElo "1715"]
[BlackElo "1892"]
[PlyCount "122"]
[EventDate "2009.08.09"]
[EventType "swiss"]
[EventRounds "9"]
[EventCountry "ROU"]
[SourceTitle "CBM 131 Extra"]
[Source "ChessBase"]
[SourceDate "2009.09.03"]
[SourceVersion "2"]
[SourceVersionDate "2009.09.16"]
[SourceQuality "1"]

1. e4 e6 2. d4 d5 3. exd5 exd5 4. Nf3 Bd6 5. Nc3 c6 6. Ne2 Bg4 7. Neg1 Nd7 8. h3 Bf5 9. Bd3 Bg6 10. Ne2 Ngf6 11. Bg5 Qb6 12. b3 Bxd3 13. cxd3 0-0 14. 0-0 Rfe8 15. Re1 h6 16. Be3 Qc7 17. g3 Re6 18. Bf4 Rae8 19. Qd2 g5 20. Bxd6 Qxd6 21. Nc3 Kh7 22. Rxe6 Rxe6 23. Re1 Nh5 24. Rxe6 Qxe6 25. Kg2 g4 26. hxg4 Qxg4 27. Qe3 Qe6 28. Ne5 Ng7 29. Qf4 Nxe5 30. Qxe5 Qf5 31. Qxf5+ Nxf5 32. Ne2 Kg6 33. g4 Nd6 34. Kg3 f5 35. f3 fxg4 36. fxg4 Kg5 37. a4 a6 38. Nf4 a5 39. Ne6+ Kf6 40. Nf4 b5 41. axb5 Nxb5 42. Ne2 Kg5 43. Kf3 Na3 44. Nf4 Nc2 45. Ne6+ Kf6 46. Nd8 Nxd4+ 47. Ke3 Nxb3 48. Nxc6 Kg5 49. Kf3 a4 50. Nb4 d4 51. Nc2 Nc1 52. Nxd4 Nxd3 53. Ne6+ Kf6 54. Nd4 a3 55. Nb3 a2 56. Ke3 Nb4 57. Na1 Kg5 58. Kf3 Nd3 59. Kg3 Ne5 60. Nb3 Nxg4 61. Na1 h5 0-1

[Event "Miercurea Ciuc Banc Post op 10th"]
[Site "Miercurea Ciuc"]
[Date "2007.08.19"]
[Round "5"]
[White "Costiuc, Ioan"]
[Black "Schlor, Michael"]
[Result "1/2-1/2"]
[WhiteElo "1859"]
[BlackElo "1885"]
[PlyCount "175"]
[EventDate "2007.08.19"]
[EventType "swiss"]
[EventRounds "9"]
[EventCountry "ROU"]
[SourceTitle "EXT 2010"]
[Source "ChessBase"]
[SourceDate "2010.11.25"]
[SourceVersion "1"]
[SourceVersionDate "2010.11.25"]
[SourceQuality "1"]

1. e4 d6 2. Nf3 g6 3. d4 Bg7 4. Bc4 c6 5. Nc3 Nf6 6. h3 0-0 7. Be3 Qc7 8. Qd2 Nxe4 9. Bxf7+ Rxf7 10. Nxe4 Qb6 11. 0-0-0 a5 12. Bh6 Qb4 13. Bxg7 Kxg7 14. c3 Qa4 15. b3 Qa3+ 16. Qb2 Qxb2+ 17. Kxb2 h6 18. Rhe1 Bxh3 19. gxh3 Rxf3 20. Nd2 Rf7 21. f3 Nd7 22. Re3 Re8 23. Rde1 e5 24. Nc4 Re6 25. Nxa5 Nb6 26. dxe5 d5 27. f4 Nc8 28. b4 b6 29. Nb3 Na7 30. Rf1 Nb5 31. a4 Nd6 32. Ree1 Nc4+ 33. Kc2 Re8 34. Nd2 Nxd2 35. Kxd2 Ra7 36. Ra1 Rea8 37. Kd3 Rxa4 38. Rxa4 Rxa4 39. Kd4 Ra2 40. Rf3 Re2 41. Kd3 Re4 42. h4 Kf7 43. f5 Rxe5 44. fxg6+ Kxg6 45. Rf4 c5 46. b5 Rf5 47. Ra4 Kh5 48. Ke3 Rf6 49. Kd3 Rf3+ 50. Kd2 Rg3 51. Ra6 Rg6 52. Ra4 Rg2+ 53. Kd3 Rb2 54. c4 Rb3+ 55. Kc2 dxc4 56. Rxc4 Rxb5 57. Re4 Rb4 58. Re6 Kxh4 59. Rxh6+ Kg5 60. Re6 Kf5 61. Re8 Re4 62. Rd8 Ke5 63. Kc3 b5 64. Rd1 Re3+ 65. Kb2 b4 66. Rd8 c4 67. Re8+ Kd4 68. Rd8+ Ke4 69. Re8+ Kd3 70. Rd8+ Ke2 71. Rc8 Re4 72. Kc2 b3+ 73. Kb2 Ke1 74. Kc1 Rd4 75. Re8+ Kf2 76. Rc8 Ke3 77. Re8+ Kd3 78. Kb2 Rg4 79. Rd8+ Ke4 80. Kc3 Ke5 81. Rd2 Re4 82. Rd1 b2 83. Kxb2 Re3 84. Kc2 Ke4 85. Rd8 Rd3 86. Rxd3 cxd3+ 87. Kd2 Kd4 88. Kd1 1/2-1/2

[Event "Miercurea Ciuc Banc Post op 10th"]
[Site "Miercurea Ciuc"]
[Date "2007.08.19"]
[Round "4"]
[White "Voegerl, Ronald"]
[Black "Costiuc, Ioan"]
[Result "1-0"]
[WhiteElo "2058"]
[BlackElo "1859"]
[PlyCount "120"]
[EventDate "2007.08.19"]
[EventType "swiss"]
[EventRounds "9"]
[EventCountry "ROU"]
[SourceTitle "EXT 2010"]
[Source "ChessBase"]
[SourceDate "2010.11.25"]
[SourceVersion "1"]
[SourceVersionDate "2010.11.25"]
[SourceQuality "1"]

1. d4 Nf6 2. c4 e6 3. Nf3 c5 4. g3 cxd4 5. Nxd4 Nc6 6. Nxc6 bxc6 7. Bg2 Bb4+ 8. Bd2 Bxd2+ 9. Nxd2 d5 10. 0-0 0-0 11. Re1 Rb8 12. Qc2 Qb6 13. b3 Ba6 14. Rad1 c5 15. cxd5 exd5 16. e4 d4 17. e5 Nd7 18. Nc4 Bxc4 19. Qxc4 Qc7 20. f4 Nb6 21. Qc2 Rfd8 22. e6 Nd5 23. exf7+ Qxf7 24. Qxc5 Ne3 25. Rxd4 Nxg2 26. Kxg2 Rdc8 27. Qd5 Qxd5+ 28. Rxd5 Rc2+ 29. Kh3 Rb7 30. Ra5 h6 31. Re8+ Kf7 32. Ra8 Rcc7 33. Kg4 g6 34. Rd8 Rc6 35. Rad5 a6 36. R8d7+ Rxd7 37. Rxd7+ Ke6 38. Rd2 Rc5 39. Kf3 h5 40. Ke4 a5 41. a3 Rc3 42. Rd3 Rc2 43. h3 Ra2 44. a4 Re2+ 45. Kd4 Rh2 46. Re3+ Kd6 47. Re5 Rxh3 48. Rg5 h4 49. gxh4 Rxh4 50. Rxg6+ Ke7 51. Ke4 Rh3 52. Ra6 Rxb3 53. Rxa5 Ra3 54. Kf5 Ra1 55. Ra7+ Kf8 56. Kf6 Ke8 57. f5 Ra2 58. a5 Ra1 59. a6 Ra2 60. Ra8+ Kd7 1-0